000 00328nam a22001337a 4500
041 _aENG
082 _a297.1
_bAYA
100 _aAyatulla al-uzma sayyid Ali khan Khamenei
245 _aLiberty
260 _aNew Delhi
_bWelayat Publication
_c2019
300 _a137
650 _aIslamic theology, law, or religion:
942 _cBK
999 _c23685
_d23685